000 nam a22 7a 4500
999 _c9950
_d9950
008 180209b ||||| |||| 00| 0 eng d
100 _aHeller,R.
_96008
245 _aThe Winners Manual Achieving Science
260 _aLondon
_bD&K
_c2008